Представление документа в формате RUSMARC

ПолеНазваниеЗначение
  Тип записи a
  Библиографический уровень m
001 Контрольный номер Book/7090
005 Дата корректировки 20231114130522.4
010 Индекс ISBN __
a ISBN 978-5-699-30704-3
b Уточнения в пер.
9 Тираж 4 000 экз.
d Цена 408 р. 00 к.
090 Данные записи __
b Тип записи Книги
c Язык записи Русский
d Отрасль знаний (КСУ) Другая
e Секретность Несекретно
g Вид записи Монография (однотомник)
x Дата передачи записи для обработки С89
100 Данные общей обработки __
a Данные общей обработки 20101022d2013 u u 1rusy ||||ca
101 Язык документа 0_
a Язык текста rus
105 Кодированные данные (монография) __
a Кодированные данные (монография) a z 000yy
200 Заглавие и сведения об ответственности 1_
a Заглавие Русский бермудский треугольник
f Первые сведения об ответственности Н. В. Субботин
e Сведения, относящиеся к заглавию репортаж из самой знаменитой аномальной зоны России
210 Выходные данные 1_
a Место издания Москва
c Издательство ЭКСМО
d Дата издания 2009
215 Физическое описание __
a Объем 480 с.
225 Серия 1_
a Серия Библиотека современных исследований
300 Общие примечания __
a Общие примечания 16+
606 Тематические рубрики 0_
a Основная рубрика Аномальные явления в окружающей среде
610 Ключевые слова 0_
a Ключевые слова аномалии; зоны аномальные; Бермудский треугольник; исследования
686 Индексы других классификаций __
a Классификационный индекс 20.3
2 Код системы rubbk
700 Автор _1
a Фамилия Субботин
b Имя (инициалы) Н. В.
g Полное личное имя Николай Валерьевич
801 Источник записи _0
a Страна RU
b Организация МБУК ЦБС г. Ульяновска
c Дата составления 20101022
801 Источник записи _1
a Страна RU
b Организация МБУК ЦБС г. Ульяновска
c Дата составления 20101022
852 Данные о местонахождении __
i Авторский знак С 89
j Шифр хранения 20.3